Educación : (Record no. 137579)

MARC details
000 -CABECERA
campo de control de longitud fija 00687nam a2200193 a 4500
005 - FECHA Y HORA DE LA ÚLTIMA TRANSACCIÓN
campo de control 20220628115824.0
008 - ELEMENTOS DE LONGITUD FIJA--INFORMACIÓN GENERAL
campo de control de longitud fija 081107s1998 mx r 000 0 spa d
020 ## - NÚMERO INTERNACIONAL NORMALIZADO PARA LIBROS
Número Internacional Estándar del Libro 9586017672
035 ## - NÚMERO DE CONTROL DEL SISTEMA
Número de control de sistema UPN01000165467
049 ## - COLECCIÓN
Colección CG
050 #4 - SIGNATURA TOPOGRÁFICA DE LA BIBLIOTECA DEL CONGRESO
Número de clasificación LA541
Número de documento/Ítem E3.82
245 00 - MENCIÓN DE TÍTULO
Título Educación :
Resto del título la agenda del siglo XXI : hacia un desarrollo humano /
Mención de responsabilidad, etc. dir. Hernando Gómez Buendía ; pról. de Carlos Fuentes.
260 ## - PUBLICACIÓN, DISTRIBUCIÓN, ETC.
Lugar de publicación, distribución, etc. Colombia :
Nombre del editor, distribuidor, etc. PNUD :
-- TM,
Fecha de publicación, distribución, etc. 1998.
300 ## - DESCRIPCIÓN FÍSICA
Extensión xxxvi, 366 p. :
Otras características físicas il.
650 #4 - ASIENTO SECUNDARIO DE MATERIA - TERMINO TEMATICO
Término de materia o nombre geográfico como elemento de entrada EDUCACION -
Subdivisión general FINES Y OBJETIVOS -
Subdivisión geográfica AMERICA LATINA
9 (RLIN) 16122
650 #2 - ASIENTO SECUNDARIO DE MATERIA - TERMINO TEMATICO
Término de materia o nombre geográfico como elemento de entrada Educación
Subdivisión general Aspectos sociales
Subdivisión geográfica América Latina
9 (RLIN) 7142
700 1# - ASIENTO SECUNDARIO--NOMBRE DE PERSONAL
Nombre de persona Gómez Buendía, Hernando,
Término indicativo de función/relación dir.
905 ## - TIPO DE MATERIAL
Tipo de material Libro
Holdings
Estado de retiro Estado de pérdida Fuente del sistema de clasificación o colocación Estado dañado No para préstamo Código de colección Localización permanente Ubicación/localización actual Ubicación en estantería Total de préstamos Clasificación Código de barras Fecha visto por última vez Número de copia Tipo de ítem Koha Enumeración/cronología de publicación seriada
    Library of Congress Classification   UNESCO Colección Especial Bib. Gregorio Torres Quintero Bib. Gregorio Torres Quintero Colección Especial   37 "313" (100) "1998" EDU. U3447 31/12/2020 1 Libro  
    Library of Congress Classification     Colección General Bib. Gregorio Torres Quintero Bib. Gregorio Torres Quintero Planta baja 1 LA541 E3.82 U3435 31/12/2020 1 Libro Donación UNESCO
    Library of Congress Classification   UNESCO Colección Especial Bib. Gregorio Torres Quintero Bib. Gregorio Torres Quintero Colección Especial   37 "313" (100) "1998" EDU. U11504 31/12/2020 1 Libro